Prvý zásah Slovákov Interliga volejbalistov - 3. kolo: Chorváti u nás bez víťazstva

Bibliographic Details
Format: Article
Language:Slovak
Subjects:

MARC

LEADER 00000nab a2200000 a 4500
001 vtls000529853
003 SK-MaSNL
005 20260303192605.0
008 120928c1994 xo 0 slo
015 |a SNBRB19rr/mm-uuuuu 
035 |a CL0529991 
040 |a SNKBUCL  |b slo  |c SNKBUCL  |e AACR2 
041 0 |a slo 
044 |a xo  |c SK 
080 |a 796.325.093.1  |2 1981 
245 0 0 |a Prvý zásah Slovákov  |b Interliga volejbalistov - 3. kolo: Chorváti u nás bez víťazstva 
650 0 7 |a volejbal  |2 snkbucl  |9 3294 
655 7 |a články z novín a časopisov  |2 snkbucl  |9 267496 
773 0 |t Šport  |g Roč. 48, č. 240 (17. 10. 1994), s. 14 
850 |a Slovenská národná knižnica v Martine  |a MTA001 
852 |a SNK  |b KIS3GCP 
958 |a RK 
992 |a RBX 
999 |c 2147232  |d 2149162